[Event "Indywidualne Mistrzostwa Polski Juniorow do lat 16 - Dziewczeta"]
[Site "Szklarska Poreba"]
[Date "1899-12-30"]
[Round "4.2"]
[White "Malicka, Maria"]
[Black "Marcinczyk, Monika"]
[Result "0-1"]
[WhiteTitle "WCM"]
[BlackTitle "WCM"]
[WhiteElo "2199"]
[BlackElo "1928"]

1. e4 c5 2. Nf3 e6 3. d4 cxd4 4. Nxd4 Nf6 5. Nc3 d6 6. g4 h6 7. h4 Nc6 8. Rg1 d5
9. exd5 Nxd5 10. Nxd5 exd5 11. Be3 Qxh4 12. Qf3 Nxd4 13. Bxd4 Qe7+ 14. Be2 Qe4
15. O-O-O Qxf3 16. Bxf3 Be6 17. Rge1 Kd7 18. c4 Rc8 19. b3 b5 20. Bxd5 Bxd5 21.
Bc3 bxc4 22. Rxd5+ Kc6 23. bxc4 Bc5 24. f3 f6 25. Re6+ Kb7 26. Kd2 Rc6 27. Re1
Rhc8 28. Kd3 Rd6 29. Bd4 Rdc6 30. Rb1+ Rb6 31. Rxb6+ axb6 32. Ke4 Bxd4 33. Rxd4
g6 34. f4 Kc6 35. Rd5 Re8+ 36. Kf3 Ra8 37. f5 g5 38. Rd2 Ra3+ 39. Kf2 Kc5 40.
Rb2 Ra4 41. Kf3 Rxc4 42. Rh2 Kd5 43. Rxh6 Ke5 44. Rh8 Rc3+ 45. Ke2 Kf4 46. Rf8
Rc6 47. Kd3 Rd6+ 48. Kc4 Kxg4 49. Kb5 Kxf5 50. a4 g4 51. Rg8 Kf4 52. Ka6 g3 53.
Kb7 Kf3 54. Kc7 Re6 55. Kd7 Re4 56. Rg6 Rf4 57. Kc6 f5 58. Kxb6 Rxa4 0-1

[Event "Indywidualne Mistrzostwa Polski Juniorow do lat 16 - Dziewczeta"]
[Site "Szklarska Poreba"]
[Date "1899-12-30"]
[Round "4.3"]
[White "Adamczyk, Zuzanna"]
[Black "Jarocka, Liwia"]
[Result "1/2-1/2"]
[WhiteTitle "I++"]
[BlackTitle "FM"]
[WhiteElo "1850"]
[BlackElo "2106"]

1. e4 c5 2. Nf3 Nc6 3. d4 cxd4 4. Nxd4 Nf6 5. Nc3 d6 6. Be2 e5 7. Nb3 Be7 8. O-O
O-O 9. f3 a5 10. Be3 Be6 11. Nd5 a4 12. Nc1 Bxd5 13. exd5 Nb4 14. c4 Qa5 15. Nd3
Nd7 16. Qd2 Nxd3 17. Bxd3 Qxd2 18. Bxd2 Bd8 19. Be3 g6 20. b4 axb3 21. axb3 Ba5
22. Rfc1 Bb4 23. Kf1 f5 24. Ke2 Nc5 25. Bxc5 Bxc5 26. Rcb1 Bd4 27. Ra4 b6 28.
Bc2 Rxa4 29. bxa4 Ra8 30. Kd3 Bc5 31. Re1 Kf7 32. Bb3 Kf6 33. g3 h6 34. Re2 g5
35. h3 h5 36. Rh2 Re8 37. Re2 Re7 38. Bd1 Rh7 39. Rg2 h4 40. g4 e4+ 41. Ke2 exf3+
42. Kxf3 f4 43. Re2 Be3 44. Ke4 Re7+ 45. Kd3 Re5 46. Re1 Ke7 47. Bf3 Kd7 48. Re2
Kc7 49. Rb2 Re7 50. Re2 Kb7 51. Kc3 Ka6 52. Kb3 Ra7 53. Re1 Kb7 54. Bd1 Kc7 55.
Kc3 Kd8 56. Kd3 Ke7 57. Re2 Kf6 58. Ra2 Re7 59. Re2 Re5 60. Re1 Bc5 61. Re4 Ba3
62. Bf3 Bc5 63. Bd1 Ba3 64. Bf3 Bc5 65. Bd1 Ba3 66. Bf3 1/2-1/2

[Event "Indywidualne Mistrzostwa Polski Juniorow do lat 16 - Dziewczeta"]
[Site "Szklarska Poreba"]
[Date "1899-12-30"]
[Round "4.4"]
[White "Dylag, Emilia"]
[Black "Czarniecka, Aleksandra"]
[Result "1-0"]
[WhiteTitle "k+"]
[BlackTitle "k"]
[WhiteElo "2071"]
[BlackElo "2023"]

1. d4 Nf6 2. c4 g6 3. Nc3 Bg7 4. e4 d6 5. f4 O-O 6. Nf3 Nfd7 7. Bd3 Nc6 8. Be3
e5 9. fxe5 dxe5 10. d5 Nd4 11. O-O c5 12. Qd2 f5 13. Bg5 Qe8 14. Nxd4 exd4 15.
Nb5 fxe4 16. Nc7 e3 17. Qe2 Qe5 18. Ne6 Rxf1+ 19. Rxf1 Nf6 20. Bxf6 Bxf6 21. Nxc5
b6 22. Ne4 Bf5 23. Nxf6+ Qxf6 24. Qf3 Qe5 25. Bxf5 gxf5 26. d6 Rd8 27. Qh5 Qxd6
28. Rxf5 Rf8 29. Qg4+ Kh8 30. Rxf8+ Qxf8 31. Qxd4+ Kg8 32. Qxe3 Qb4 33. b3 a5
34. Qe8+ Kg7 35. Qe5+ Kg8 36. Qg5+ Kf7 37. Qd5+ Kg7 38. Kf2 Qa3 39. Qd4+ Kf7 40.
Qxb6 Qxa2+ 41. Kg3 Qa1 42. Qb7+ Kg6 43. Qc6+ Kg7 44. Qd7+ Kg6 45. Qd3+ Kg7 46.
Qe3 Qb1 47. h4 Kf7 48. Kh2 Qc2 49. Qa7+ Kg6 50. Qxa5 Qxb3 51. Qg5+ Kf7 52. Qf5+
Ke8 53. Qb5+ 1-0

[Event "Indywidualne Mistrzostwa Polski Juniorow do lat 16 - Dziewczeta"]
[Site "Szklarska Poreba"]
[Date "1899-12-30"]
[Round "4.5"]
[White "Pawlak, Emilia"]
[Black "Vanduyfhuys, Daria"]
[Result "0-1"]
[WhiteTitle "I"]
[BlackTitle "WCM"]
[WhiteElo "1595"]
[BlackElo "2059"]

1. e4 c5 2. Nf3 Nc6 3. Bb5 g6 4. O-O Bg7 5. c3 Nf6 6. Re1 O-O 7. d4 d5 8. e5 Ne4
9. Nbd2 Nxd2 10. Bxd2 Qb6 11. Bxc6 bxc6 12. Qc1 Rb8 13. b3 cxd4 14. Nxd4 c5 15.
Nf3 Bg4 16. Nh4 Qc7 17. Bf4 Be6 18. Nf3 Rfd8 19. Bh6 Rb6 20. Bf4 Qc8 21. Qe3 a5
22. Bg5 Rd7 23. Red1 Bg4 24. Rac1 Re6 25. Bf4 f6 26. Re1 Bxf3 27. Qxf3 fxe5 28.
Qg4 Qc6 29. Bxe5 Rxe5 30. Rxe5 Bxe5 31. Re1 Bf6 32. Re6 Rd6 33. Re1 Qd7 34. Qg3
d4 35. cxd4 cxd4 36. Rd1 d3 37. h3 d2 38. Qe3 Re6 39. Rxd2 Rxe3 40. Rxd7 Re1+
41. Kh2 Re2 42. a3 Kf7 43. Ra7 Be5+ 44. g3 Rxf2+ 45. Kg1 Bd4 0-1

[Event "Indywidualne Mistrzostwa Polski Juniorow do lat 16 - Dziewczeta"]
[Site "Szklarska Poreba"]
[Date "1899-12-30"]
[Round "4.6"]
[White "Kroliczek, Gabriela"]
[Black "Furtak, Joanna"]
[Result "0-1"]
[WhiteTitle "I++"]
[BlackTitle "k"]
[WhiteElo "1588"]
[BlackElo "1803"]

1. e4 c5 2. Nf3 e6 3. d4 cxd4 4. Nxd4 Nc6 5. Nc3 Qc7 6. g3 Nf6 7. Bg2 Be7 8. O-O
O-O 9. Be3 a6 10. Kh1 d6 11. Nxc6 bxc6 12. Na4 Rb8 13. c4 c5 14. b3 Rd8 15. Qe1
Bd7 16. Bd2 Rdc8 17. Nc3 Bc6 18. f4 Qb7 19. Rf2 Nd7 20. Nd5 Bf6 21. Nxf6+ Nxf6
22. Re2 Re8 23. e5 Bxg2+ 24. Rxg2 Ne4 25. exd6 Rbd8 26. Kg1 Rxd6 27. Ba5 e5 28.
fxe5 Rxe5 29. Re2 Ng5 30. h4 Nf3+ 31. Kf1 Nxe1 32. Rxe5 Qf3+ 33. Kxe1 Qxg3+ 34.
Kf1 Rf6+ 0-1

[Event "Indywidualne Mistrzostwa Polski Juniorow do lat 16 - Dziewczeta"]
[Site "Szklarska Poreba"]
[Date "1899-12-30"]
[Round "4.7"]
[White "Kudlak, Julia"]
[Black "Mirowska, Oliwia"]
[Result "1-0"]
[WhiteTitle "I"]
[BlackTitle "I++"]
[WhiteElo "1515"]
[BlackElo "1762"]

1. e4 d6 2. d4 Nf6 3. Nc3 g6 4. Nf3 c6 5. h3 Bg7 6. Be2 O-O 7. O-O Qc7 8. Bf4 Nbd7
9. e5 dxe5 10. Nxe5 Nxe5 11. Bxe5 Qb6 12. Rb1 Be6 13. Bf3 Rfd8 14. Na4 Qb5 15.
b3 Nd7 16. c4 Qa6 17. Bc7 Rdc8 18. c5 Bc4 19. bxc4 Rxc7 20. Be2 Bxd4 21. Qxd4
Qxa4 22. Qe3 Nf6 23. Rb3 Rd7 24. Rfb1 Qxa2 25. Rxb7 Rad8 26. R1b2 Qa1+ 27. Rb1
Qa6 28. Rxd7 Rxd7 29. Qe5 Kg7 30. g4 h6 31. h4 Kh7 32. g5 Ng8 33. gxh6 Nf6 34.
h5 Qa2 35. hxg6+ fxg6 36. Rb8 Qd2 37. Rf8 Qc1+ 38. Kg2 Qc2 39. Rf7+ Kg8 40. h7+
Kh8 41. Qb8+ 1-0

[Event "Indywidualne Mistrzostwa Polski Juniorow do lat 16 - Dziewczeta"]
[Site "Szklarska Poreba"]
[Date "1899-12-30"]
[Round "4.8"]
[White "Roszkiewicz, Anna"]
[Black "Pisarek, Elzbieta"]
[Result "0-1"]
[WhiteTitle "I++"]
[BlackTitle "I"]
[WhiteElo "1745"]
[BlackElo "1567"]

1. e4 d5 2. exd5 Qxd5 3. Nc3 Qd8 4. d4 g6 5. Be3 Bg7 6. Nf3 Nf6 7. h3 O-O 8. Qd2
a6 9. Be2 e6 10. Bh6 Nc6 11. Bxg7 Kxg7 12. h4 h5 13. O-O-O b5 14. Ng5 Bb7 15.
Bf3 Na5 16. Bxb7 Nxb7 17. Nce4 Nxe4 18. Nxe4 Nd6 19. Nc5 Nc4 20. Qc3 Qd5 21. Nd3
Rad8 22. Nb4 Qd6 23. d5+ e5 24. Nc6 Rde8 25. Rhe1 f6 26. Rd3 e4 27. Rd4 Qf4+ 28.
Kb1 Qxf2 29. b3 Nb6 30. Rexe4 Rxe4 31. Rxe4 Nxd5 32. Qe1 Qxg2 33. Rd4 Qf3 34.
Rd3 Qf5 35. Ne7 Nxe7 36. Qxe7+ Rf7 37. Qe8 Qe5 38. Qa8 Qe1+ 39. Kb2 Qxh4 40. Rd8
Kh6 41. Rh8+ Kg5 42. Qg2+ Qg4 43. Qd5+ f5 44. Rg8 Rf6 45. Qd8 Qf4 46. Rg7 c5 47.
Rf7 Qd4+ 0-1

[Event "Indywidualne Mistrzostwa Polski Juniorow do lat 16 - Dziewczeta"]
[Site "Szklarska Poreba"]
[Date "1899-12-30"]
[Round "4.9"]
[White "Chomicka, Kinga"]
[Black "Czarnecka, Lidia"]
[Result "1/2-1/2"]
[WhiteTitle "I"]
[BlackTitle "I++"]
[WhiteElo "1434"]
[BlackElo "1700"]

1. e4 c5 2. Nc3 Nc6 3. g3 g6 4. Bg2 Bg7 5. d3 d6 6. Nge2 e6 7. O-O Nge7 8. Be3
Nd4 9. Qc1 O-O 10. Bf4 a6 11. Nxd4 cxd4 12. Ne2 Nc6 13. Bh6 Bd7 14. Bxg7 Kxg7
15. c3 Rc8 16. Qd2 Qb6 17. Rac1 e5 18. Kh1 Be6 19. c4 Qb4 20. Rc2 b5 21. b3 bxc4
22. bxc4 Qxd2 23. Rxd2 Rb8 24. Nc1 a5 25. f4 Rb4 26. f5 Bd7 27. fxg6 hxg6 28.
Rdf2 Be6 29. Nb3 a4 30. Na1 Rfb8 31. Nc2 Rb2 32. Na3 Na7 33. Kg1 Kf8 34. Bf3 R8b7
35. Bd1 Rxf2 36. Rxf2 Bd7 37. h4 Ke7 38. Kg2 Rb8 39. g4 Kf8 40. Kg3 Kg7 41. g5
1/2-1/2

[Event "Indywidualne Mistrzostwa Polski Juniorow do lat 16 - Dziewczeta"]
[Site "Szklarska Poreba"]
[Date "1899-12-30"]
[Round "4.10"]
[White "Zniszczol, Wiktoria"]
[Black "Kaznowska, Weronika"]
[Result "1-0"]
[WhiteTitle "I+"]
[BlackTitle "I"]
[WhiteElo "1642"]
[BlackElo "1396"]

1. e4 Nc6 2. Nf3 f5 3. Nc3 fxe4 4. Nxe4 d5 5. Ng3 e5 6. Bb5 Qd6 7. Qe2 e4 8. Nd4
Nge7 9. d3 exd3 10. Qxd3 a6 11. Bxc6+ bxc6 12. O-O g6 13. Re1 Qf6 14. Nf3 Kf7
15. Bd2 Qd6 16. Ne5+ Kg8 17. Bf4 Qf6 18. Qd2 h6 19. Nd3 Bg7 20. Qb4 Nf5 21. Be5
Qd8 22. Nxf5 Bxf5 23. Bxg7 Kxg7 24. Re7+ Kf6 25. Rae1 Be4 26. Re5 Qd6 27. Qd4
Kf7 28. f3 Bxd3 29. cxd3 g5 30. Qg4 Rhf8 31. Re6 Qc5+ 32. d4 Qc2 33. Qh5+ Kg7
34. Qxh6+ 1-0

[Event "Indywidualne Mistrzostwa Polski Juniorow do lat 16 - Dziewczeta"]
[Site "Szklarska Poreba"]
[Date "1899-12-30"]
[Round "4.11"]
[White "Budkiewicz, Magdalena"]
[Black "Laszczuk, Zuzanna"]
[Result "1-0"]
[WhiteTitle "I++"]
[BlackTitle "I"]
[WhiteElo "1619"]
[BlackElo "1277"]

1. e4 e5 2. Nf3 Nc6 3. Bb5 a6 4. Ba4 g6 5. O-O Bg7 6. Re1 Nge7 7. c3 O-O 8. d4
b5 9. Bb3 d6 10. h3 exd4 11. Nxd4 Nxd4 12. cxd4 c5 13. dxc5 dxc5 14. Nc3 c4 15.
Bc2 b4 16. Ne2 Bb7 17. Qxd8 Raxd8 18. Rb1 Nc6 19. Be3 Rfe8 20. f3 Ne5 21. Nf4
Rd7 22. Red1 Red8 23. Kf1 Rxd1+ 24. Rxd1 Rxd1+ 25. Bxd1 Nd3 26. Nxd3 cxd3 27.
b3 Bc3 28. Kf2 f6 29. Bb6 Bd2 30. Be3 Bc3 31. Bb6 Bd2 32. Ba5 Kf7 33. a3 Ke6 34.
Bxb4 Bxb4 35. axb4 Ke5 36. Ke3 d2 37. g3 Bc8 38. f4+ Kd6 39. g4 Bb7 40. Bc2 g5
41. fxg5 fxg5 42. Kxd2 Ke5 43. Ke3 Bc6 44. Bd3 Bb5 45. Bxb5 axb5 46. Kd3 Ke6 47.
Kd4 Kd6 48. e5+ Ke6 49. Ke4 Ke7 50. Kf5 h6 51. e6 Ke8 52. Kg6 Ke7 53. Kxh6 Kxe6
54. Kxg5 Kf7 55. Kf5 Kg7 56. h4 Kf7 57. Ke5 Kg6 58. Kd5 1-0

[Event "Indywidualne Mistrzostwa Polski Juniorow do lat 16 - Dziewczeta"]
[Site "Szklarska Poreba"]
[Date "1899-12-30"]
[Round "4.12"]
[White "Zarebska, Lena"]
[Black "Trzaskowska, Hanna"]
[Result "1-0"]
[WhiteTitle "I++"]
[BlackTitle "I"]
[WhiteElo "1783"]
[BlackElo "1607"]

1. e4 e5 2. Nc3 Nc6 3. Bc4 Nf6 4. d3 Bc5 5. f4 exf4 6. Bxf4 d6 7. Nf3 Ne5 8. Bxe5
dxe5 9. Na4 Bd6 10. Qe2 Qe7 11. Nc3 Bd7 12. a3 a6 13. Nd5 Nxd5 14. Bxd5 O-O-O
15. b4 Kb8 16. O-O f6 17. Bb3 g5 18. c4 c5 19. b5 axb5 20. cxb5 Bxb5 21. Bd5 Qd7
22. a4 Bc6 23. Bxc6 Qxc6 24. Nd2 Be7 25. Nc4 Kc7 26. a5 Qd7 27. Ra3 Qd4+ 28. Kh1
Rhf8 29. Rb3 f5 30. Rfb1 Rb8 31. exf5 Rxf5 32. a6 b5 33. a7 Ra8 34. Qa2 b4 35.
Qa5+ Kb7 36. Qb6+ Kc8 37. Qc6+ Kd8 38. Qxa8+ Kd7 39. Qb7+ Ke6 40. a8=Q Qf2 41.
Qd5+ Kf6 42. Qh8+ Kg6 43. Nxe5+ Kh6 44. Ng4+ Kg6 45. Qdg8+ Kh5 46. Nxf2 Rxf2 47.
h3 h6 48. d4 Rf8 49. g4+ 1-0

[Event "Indywidualne Mistrzostwa Polski Juniorow do lat 16 - Dziewczeta"]
[Site "Szklarska Poreba"]
[Date "1899-12-30"]
[Round "4.13"]
[White "Zablocka, Marta"]
[Black "Hryn, Aleksandra"]
[Result "0-1"]
[WhiteTitle "I"]
[BlackTitle "I+"]
[WhiteElo "1211"]
[BlackElo "1615"]

1. e4 c5 2. Nf3 e6 3. d4 cxd4 4. Nxd4 a6 5. Bd3 Nc6 6. Nxc6 dxc6 7. Be3 e5 8. Nd2
b5 9. a4 Bd7 10. Nb3 Nf6 11. h3 Be7 12. O-O O-O 13. Nd2 c5 14. axb5 axb5 15. c4
b4 16. Nf3 Qc7 17. Bg5 Bc6 18. Qe2 Rfd8 19. Nh4 h6 20. Bxf6 Bxf6 21. Nf5 Qd7 22.
Rxa8 Bxa8 23. Rd1 Qe6 24. f3 Bg5 25. Bc2 Rxd1+ 26. Bxd1 Qd7 27. Bc2 g6 28. Ne3
Qd4 29. Kf2 Qxb2 30. Ba4 Bxe3+ 31. Kxe3 Qd4# 32. Kxd4 0-1

[Event "Indywidualne Mistrzostwa Polski Juniorow do lat 16 - Dziewczeta"]
[Site "Szklarska Poreba"]
[Date "1899-12-30"]
[Round "4.14"]
[White "Tomczak, Marta"]
[Black "Tarka, Aleksandra"]
[Result "1/2-1/2"]
[WhiteTitle "I"]
[BlackTitle "I++"]
[WhiteElo "1510"]
[BlackElo "1656"]

1. c4 e5 2. Nc3 Nf6 3. g3 Nc6 4. Bg2 Bc5 5. e3 d5 6. Nxd5 Nxd5 7. Bxd5 Nb4 8. Be4
f5 9. a3 Nd3+ 10. Bxd3 Qxd3 11. Qe2 Qe4 12. f3 Qc6 13. b4 Be7 14. Bb2 Bf6 15.
Nh3 O-O 16. O-O Be6 17. Rac1 Rad8 18. Nf2 e4 19. Bxf6 exf3 20. Qd1 Rxf6 21. Qc2
a5 22. Nh3 axb4 23. axb4 Qd6 24. c5 Qxd2 25. Rfd1 Qxe3+ 26. Qf2 Rxd1+ 27. Rxd1
Qe2 28. Rd2 Qxf2+ 29. Kxf2 Rh6 30. Rd8+ Kf7 31. Ng5+ Ke7 32. Nxe6 Rxe6 33. Rb8
b6 34. Rc8 Kd7 35. Rf8 g6 36. Kxf3 bxc5 37. bxc5 Kc6 38. Rf7 h6 39. h4 Kxc5 40.
Rxc7+ Kd4 41. Rd7+ Ke5 42. Ra7 g5 43. hxg5 hxg5 44. Ra5+ Kf6 45. Ra4 Rb6 46. Ke3
Rb3+ 47. Kf2 g4 48. Ra8 Rb2+ 49. Kf1 Rb6 50. Kf2 Re6 51. Rf8+ Ke5 52. Ra8 Kf6
53. Rf8+ Kg5 54. Rg8+ Rg6 55. Ra8 Rg7 56. Ra5 1/2-1/2

[Event "Indywidualne Mistrzostwa Polski Juniorow do lat 16 - Dziewczeta"]
[Site "Szklarska Poreba"]
[Date "1899-12-30"]
[Round "4.15"]
[White "Siekanska, Zuzanna"]
[Black "Wolagiewicz, Kinga"]
[Result "1-0"]
[WhiteTitle "I"]
[BlackTitle "I"]
[WhiteElo "1517"]
[BlackElo "1643"]

1. d4 Nf6 2. c4 e6 3. Nc3 d5 4. cxd5 exd5 5. Bg5 Be7 6. e3 O-O 7. Bd3 c6 8. Qc2
Nbd7 9. Nf3 Re8 10. O-O Nf8 11. h3 g6 12. Bh6 Ne6 13. Ne5 Bf8 14. Bxf8 Kxf8 15.
Na4 Ng7 16. Nc5 Qc7 17. b4 a6 18. Na4 Bf5 19. Bxf5 Nxf5 20. Qc5+ Kg8 21. Qb6 Qxb6
22. Nxb6 Rad8 23. a4 Nd6 24. Rfc1 Kg7 25. Rab1 Nfe4 26. Nd3 Re7 27. Rb2 Rde8 28.
Nc5 f5 29. Nd3 Ng5 30. h4 Ne6 31. g3 h6 32. Ne5 g5 33. hxg5 hxg5 34. f4 g4 35.
Rh2 Rh8 36. Rxh8 Kxh8 37. Ng6+ Kg7 38. Nxe7 Kf7 39. Nec8 Ne4 40. Kg2 Ng7 41. Rh1
Kg6 42. Nd7 Nc3 43. Ne5+ Kf6 44. Rh6# 1-0

[Event "Indywidualne Mistrzostwa Polski Juniorow do lat 16 - Dziewczeta"]
[Site "Szklarska Poreba"]
[Date "1899-12-30"]
[Round "4.16"]
[White "Szczypawka, Aleksandra"]
[Black "Libura, Julianna"]
[Result "1/2-1/2"]
[WhiteTitle "I"]
[BlackTitle "I"]
[WhiteElo "1476"]
[BlackElo "1639"]

1. c4 e6 2. e3 Nf6 3. d4 d5 4. Nf3 Be7 5. Nc3 O-O 6. b3 Nbd7 7. Bd3 c5 8. O-O b6
9. Bb2 Bb7 10. cxd5 cxd4 11. Nxd4 Nxd5 12. Nxd5 Bxd5 13. Ne2 Bf6 14. Bxf6 Nxf6
15. Nf4 Bb7 16. Bc4 Qe7 17. f3 e5 18. Nh3 Rfd8 19. Qe2 h6 20. e4 Rd4 21. Rfd1
Qc5 22. Kh1 Rad8 23. Rac1 Qb4 24. Rxd4 Rxd4 25. Rd1 Qd6 26. Rxd4 Qxd4 27. Qd3
Qxd3 28. Bxd3 Kf8 29. Kg1 Ke7 30. Bc4 Ne8 1/2-1/2

[Event "Indywidualne Mistrzostwa Polski Juniorow do lat 16 - Dziewczeta"]
[Site "Szklarska Poreba"]
[Date "1899-12-30"]
[Round "4.17"]
[White "Dadello, Barbara"]
[Black "Giefert, Sara"]
[Result "1-0"]
[WhiteTitle "I"]
[BlackTitle "I"]
[WhiteElo "1615"]
[BlackElo "1497"]

1. e4 c5 2. Nf3 d6 3. d4 cxd4 4. Nxd4 Nf6 5. Nc3 a6 6. Be3 e5 7. Nb3 Be6 8. f3
Nbd7 9. Qd2 Qc7 10. O-O-O h5 11. h3 Rc8 12. Bd3 b5 13. g4 b4 14. Ne2 a5 15. Kb1
a4 16. Nbc1 Qb7 17. g5 Ng8 18. h4 Nc5 19. Ng3 b3 20. cxb3 axb3 21. a3 g6 22. Nce2
Ne7 23. Nc3 Nc6 24. Be2 Be7 25. Nd5 Bxd5 26. Qxd5 Nd8 27. Qxb7 Ndxb7 28. Rc1 O-O
29. Bc4 Na5 30. Be2 Na4 31. Bd2 Nc6 32. Bb5 Nc5 33. Ne2 Rc7 34. Rhd1 Na7 35. Bc4
Rfc8 36. Ba5 Rb7 37. Bb4 Rbc7 38. Bxc5 Rxc5 39. Bxb3 Nb5 40. Bd5 Kf8 41. a4 Na7
42. b4 Rb8 43. b5 f6 44. f4 f5 45. Rxc5 dxc5 46. exf5 gxf5 47. fxe5 Rd8 48. Nf4
1-0

[Event "Indywidualne Mistrzostwa Polski Juniorow do lat 16 - Dziewczeta"]
[Site "Szklarska Poreba"]
[Date "1899-12-30"]
[Round "4.18"]
[White "Zygmunt, Patrycja"]
[Black "Sawa, Daria"]
[Result "0-1"]
[WhiteTitle "I"]
[BlackTitle "I"]
[WhiteElo "1338"]
[BlackElo "1589"]

1. e4 e5 2. Nf3 Nc6 3. Bc4 Nf6 4. d3 Be7 5. c3 O-O 6. O-O d5 7. exd5 Nxd5 8. Re1
Bg4 9. h3 Bh5 10. g4 Bg6 11. Nxe5 Nxe5 12. Rxe5 Nb6 13. Re1 Bd6 14. Nd2 Qh4 15.
Kg2 Nxc4 16. Nxc4 f5 17. Rf1 fxg4 18. Qxg4 Qxg4+ 19. hxg4 Bxd3 20. Nxd6 Bxf1+
21. Kxf1 cxd6 22. Be3 a6 23. Bg5 Rae8 24. Rd1 Re5 25. Bh4 d5 26. Rd4 Rfe8 27.
Rb4 Re1+ 28. Kg2 b5 29. a4 R8e4 0-1

[Event "Indywidualne Mistrzostwa Polski Juniorow do lat 16 - Dziewczeta"]
[Site "Szklarska Poreba"]
[Date "1899-12-30"]
[Round "4.19"]
[White "Mytnik, Kinga"]
[Black "Bienko, Jagoda"]
[Result "1-0"]
[WhiteTitle "I"]
[BlackTitle "I"]
[WhiteElo "1570"]
[BlackElo "1451"]

1. e4 c5 2. d3 e6 3. g3 Nc6 4. Nf3 Nge7 5. Bg2 g6 6. c3 d5 7. Nbd2 Bg7 8. Qc2 O-O
9. O-O b5 10. Re1 Bb7 11. Nf1 Rc8 12. Bg5 d4 13. Rab1 f6 14. Bd2 c4 15. dxc4 bxc4
16. Bh3 Kf7 17. Qa4 dxc3 18. bxc3 Na5 19. Rbd1 Bc6 20. Qa3 Bd7 21. Bf4 Nec6 22.
Nd4 Nxd4 23. Rxd4 Nc6 24. Rd2 Ne5 25. Bxe5 fxe5 26. Red1 Rc7 27. Qd6 Qc8 28. Qxc7
Qxc7 29. Rxd7+ Qxd7 30. Rxd7+ Kg8 31. Bxe6+ Kh8 32. Rxa7 h5 33. a4 Rf3 34. Ne3
Bh6 35. Ra8+ Rf8 36. Rxf8+ Bxf8 37. a5 Bc5 38. Nxc4 1-0

[Event "Indywidualne Mistrzostwa Polski Juniorow do lat 16 - Dziewczeta"]
[Site "Szklarska Poreba"]
[Date "1899-12-30"]
[Round "4.20"]
[White "Wojtas, Julia"]
[Black "Bednarska, Julita"]
[Result "1/2-1/2"]
[WhiteTitle "I"]
[BlackTitle "I"]
[WhiteElo "1550"]
[BlackElo "1356"]

1. e4 e6 2. d4 d5 3. Nc3 dxe4 4. Nxe4 Bd7 5. Nf3 Bc6 6. Bd3 Bxe4 7. Bxe4 c6 8.
O-O Nf6 9. Bd3 Bd6 10. c4 Nbd7 11. b3 O-O 12. Bb2 Qc7 13. Qe2 Rad8 14. c5 Be7
15. Rfe1 Nd5 16. Qe4 N7f6 17. Qe5 Qxe5 18. Nxe5 Nd7 19. Nc4 Bf6 20. Be4 Nb8 21.
Nd6 Rd7 22. Bxd5 cxd5 23. Nb5 a6 24. Na3 Nc6 25. Nc2 Re8 26. f4 Rb8 27. b4 h6
28. a4 Na7 29. Red1 Rc7 30. Rab1 b6 31. Bc3 bxc5 32. bxc5 Rcb7 33. Rxb7 Rxb7 34.
Ba5 Nc6 35. Bb6 Bd8 36. a5 Rb8 37. Ra1 Kf8 38. Ra4 Ke8 39. Kf2 Kd7 40. Ke3 g6
41. Kd3 g5 42. Bxd8 Kxd8 43. fxg5 hxg5 44. Kc3 Kc7 45. Ra1 Rb5 46. Rf1 f5 47.
g4 Ne7 48. gxf5 exf5 49. Re1 Kd7 50. Ra1 Nc6 51. Ne3 Ke6 52. Rg1 f4 53. Nc2 Kf5
54. Re1 Rxa5 55. Nb4 Nxb4 56. Kxb4 Rb5+ 57. Ka4 f3 58. c6 Rb8 59. c7 Rc8 60. Rc1
Ke4 61. Ka5 f2 62. Kb6 Ke3 63. Kb7 Rxc7+ 64. Kxc7 Ke2 65. Kc6 f1=Q 66. Rxf1 Kxf1
67. Kxd5 Kg2 68. Ke4 Kxh2 69. d5 g4 70. d6 g3 71. d7 g2 72. d8=Q g1=Q 73. Qh4+
Kg2 74. Qg4+ Kf1 75. Qxg1+ Kxg1 76. Kd4 a5 77. Kc4 1/2-1/2

[Event "Indywidualne Mistrzostwa Polski Juniorow do lat 16 - Dziewczeta"]
[Site "Szklarska Poreba"]
[Date "1899-12-30"]
[Round "4.21"]
[White "Kot, Ewelina"]
[Black "Sloniewska, Alicja"]
[Result "1/2-1/2"]
[WhiteTitle "II+"]
[BlackTitle "I"]
[WhiteElo "1201"]
[BlackElo "1530"]

1. d4 d5 2. Nf3 Nf6 3. Bf4 Bf5 4. h3 e6 5. Nbd2 c5 6. c4 Nc6 7. cxd5 Nxd5 8. Bg5
Qa5 9. Qb3 Rb8 10. dxc5 Ndb4 11. e4 Bxe4 12. Nxe4 Nc2+ 13. Kd1 Nxa1 14. Qc4 h6
15. Bd2 Qc7 16. Qc1 Rd8 17. Qxa1 f5 18. Nd6+ Bxd6 19. cxd6 Qxd6 20. b3 e5 21.
Qb2 Rf8 22. Bb5 e4 23. Qe5+ Qxe5 24. Nxe5 Rf6 25. Ke2 f4 26. Rc1 Rdd6 27. Bb4
Rde6 28. Nxc6 bxc6 29. Bc4 f3+ 30. Ke3 fxg2 31. Bxe6 Rxe6 32. Rg1 Rf6 33. Rxg2
Rf3+ 34. Kxe4 Rxh3 35. Bc5 Rh5 36. Bd4 g5 37. Bxa7 Rh4+ 38. Ke5 Kd7 39. a4 Kc7
40. a5 Kb7 41. Bb6 g4 42. Kf5 h5 43. Rg3 Rh3 44. Re3 Ka6 45. Bc7 Rh1 46. Re6 Kb7
47. Bb6 Rh3 48. Kg5 g3 49. Re7+ Ka6 50. Ra7+ Kb5 51. fxg3 Rxg3+ 52. Kxh5 Rxb3
53. Bd8 Ra3 1/2-1/2

[Event "Indywidualne Mistrzostwa Polski Juniorow do lat 16 - Dziewczeta"]
[Site "Szklarska Poreba"]
[Date "1899-12-30"]
[Round "4.22"]
[White "Wysocka, Edyta"]
[Black "Zalucka, Emilia"]
[Result "0-1"]
[WhiteTitle "I"]
[BlackTitle "I"]
[WhiteElo "1393"]
[BlackElo "1432"]

1. e4 e5 2. Nf3 Nc6 3. Bb5 a6 4. Ba4 Nf6 5. Qe2 b5 6. Bb3 Be7 7. c3 O-O 8. O-O
d6 9. h3 Nb8 10. Rd1 Bb7 11. Bc2 Nbd7 12. d4 Qc8 13. Nbd2 c5 14. d5 c4 15. Nf1
Re8 16. Ng3 Nf8 17. Nf5 Ng6 18. Nh2 Bf8 19. Qf3 Qc7 20. Ng4 Nxg4 21. Qxg4 Bc8
22. Qg3 Kh8 23. Nh4 Nxh4 24. Qxh4 Be7 25. Qh5 Bf6 26. Re1 g6 27. Qf3 Qe7 28. Qe3
Rb8 29. a4 b4 30. cxb4 Rxb4 31. a5 Qb7 32. Ra4 Bd7 33. Rxb4 Qxb4 34. Qd2 Rb8 35.
Qc3 Bd8 36. Qxb4 Rxb4 37. Bd1 Rb8 38. Re3 Bg5 39. Rc3 Bxc1 40. Rxc1 Rxb2 41. Bf3
Bb5 42. Ra1 c3 43. Rc1 c2 44. Kh2 Bd3 45. Bd1 cxd1=Q 46. Rxd1 Bxe4 47. Kg3 Rb5
48. f3 Bxd5 49. Rc1 Rc5 50. Rb1 Rxa5 51. Kg4 Kg7 52. Rd1 Be6+ 53. Kg3 d5 54. Kf2
Ra3 55. h4 d4 56. Ke2 Bc4+ 57. Ke1 Ra2 58. Rc1 Bb5 59. g4 d3 60. Kd1 d2 61. Rc2
Ba4 62. Kxd2 Rxc2+ 63. Ke3 Bb5 64. f4 exf4+ 65. Kxf4 h5 66. gxh5 gxh5 67. Kf5
Rc5+ 68. Ke4 f5+ 69. Kd4 Rc4+ 70. Ke5 f4 0-1

[Event "Indywidualne Mistrzostwa Polski Juniorow do lat 16 - Dziewczeta"]
[Site "Szklarska Poreba"]
[Date "1899-12-30"]
[Round "4.23"]
[White "Drob, Julia"]
[Black "Szewczyk, Malwina"]
[Result "1-0"]
[WhiteTitle "I"]
[BlackTitle "I"]
[WhiteElo "1336"]
[BlackElo "1413"]

1. d4 Nf6 2. Nf3 g6 3. Bf4 Bg7 4. e3 c5 5. c3 b6 6. Be2 Bb7 7. Nbd2 d5 8. Ne5 Nc6
9. Bb5 Rc8 10. Qa4 O-O 11. Bxc6 Bxc6 12. Nxc6 Qe8 13. Nxe7+ Qxe7 14. O-O Nh5 15.
Bg3 Nxg3 16. hxg3 f5 17. dxc5 bxc5 18. Nf3 g5 19. Qb3 c4 20. Qc2 f4 21. exf4 gxf4
22. gxf4 Rxf4 23. Qd2 Rf5 24. Rfe1 Qf7 25. Re2 Bf6 26. Rae1 Qg6 27. Qe3 Qf7 28.
g4 d4 29. cxd4 Rd5 30. Kg2 Qb7 31. Qe6+ Kg7 32. Qe4 Qd7 33. Rh1 h6 34. Rh5 Rd6
35. Ne5 Bxe5 36. dxe5 Rd4 37. e6 Qd6 38. Qf3 Rf8 39. Qc3 Kh7 40. Qh3 Qf4 41. e7
Re8 42. Rf5 Qxg4+ 43. Qxg4 Rxg4+ 44. Kf3 Rg7 45. Rfe5 Kg6 46. Re6+ Kf7 47. Ra6
Rg6 48. Rxa7 Re6 49. a4 Rxe2 50. Kxe2 Rb8 51. Rc7 Rxb2+ 52. Ke3 Ra2 53. e8=Q+
Kxe8 54. Rxc4 Ra3+ 55. Kf4 Kf7 56. Kg4 Kg6 57. Rc6+ Kg7 58. Ra6 h5+ 59. Kxh5 Rf3
60. Rg6+ Kf7 61. Rg2 Ra3 62. Rg4 Rf3 63. Rg2 Ra3 64. f4 Rxa4 65. Kg5 Ra8 66. Rd2
Ra7 67. Rh2 Kg7 68. f5 Ra5 69. Rd2 Ra7 70. Rd6 Rf7 71. Rg6+ Kh7 72. Rh6+ Kg8 73.
Kg6 Rg7+ 74. Kf6 Ra7 75. Kg5 Rg7+ 76. Rg6 Kf7 77. Kh6 Rg8 78. Rxg8 Kxg8 79. Kg6
Kh8 80. Kf7 Kh7 81. Ke7 Kg7 82. f6+ Kh7 83. f7 Kg6 84. f8=Q Kh7 85. Qf1 Kh8 86.
Kf7 Kh7 87. Qh3# 1-0